Click the Countries that have hosted Eurovision - Map Quiz - Statistics

General Stats
  • This quiz has been taken 202 times
  • The average score is 22 of 23
Answers on the Map
Answers color-coded by a green-red scale on the quiz's map according to % correct below.
 
Answer Stats
Answer % Correct
Birmingham, Brighton, Edinburgh, Harrow, London
99%
Cannes, Paris
99%
Athens
98%
Dublin, Millstreet
98%
Madrid
98%
Naples, Rome, Turin
98%
Kyiv
97%
Copenhagen
96%
Frankfurt, Munich, Dusseldorf
96%
Moscow
96%
Amsterdam, Hilversum, Rotterdam, The Hauge
95%
Lisbon
95%
Luxembourg City
95%
Bergen, Mysen, Oslo
94%
Brussels
94%
Helsinki
94%
Gothenburg, Malmö, Stockholm
93%
Riga
93%
Vienna
93%
Lausanne, Lugano
91%
Belgrade
90%
Zagreb
90%
Tallinn
85%
No matching quizzes found
Score Distribution
Percent of People with Each Score
Percentile by Number Answered
Your Score History
You have not taken this quiz